000 00594nam a2200205 a 4500
001 000022188
005 20200930011624.0
008 100917s1969 ve r 000 j spa d
040 _aDO-SdBNP
_bspa
_cBNPHU
082 _aA863.42
_bV713j
100 1 _aVillafañe, Javier,
_d1909-1996.
_945907
245 1 0 _aLa jaula /
_cJavier Villafañe.
260 _aCaracas :
_bMonte Ávila Editores,
_c1969.
300 _a152, [4] p. ;
_c19 cm.
490 1 _aDonaire
650 4 _aCuentos argentinos
_93752
650 4 _aLiteratura argentina
_ySIGLO XX
_914711
830 0 _aDonaire
_98050
049 _aBNGR
999 _c21686
_d21686